America's courts and the criminal justice system
Contents: Courts, crime and controversy; The legal system; Legal actors; Processing the accused; Sentencing the guilty...
Spremljeno u:
| Glavni autor: | |
|---|---|
| Format: | Knjiga |
| Jezik: | Undetermined |
| Izdano: |
Belmont, CA
Thomson Wadsworth
2005
|
| Teme: | |
| Oznake: |
Dodaj oznaku
Bez oznaka, Budi prvi tko označuje ovaj zapis!
|
| Thư viện lưu trữ: | Trung tâm Học liệu Trường Đại học Cần Thơ |
|---|
| LEADER | 00722nam a2200217Ia 4500 | ||
|---|---|---|---|
| 001 | CTU_187174 | ||
| 008 | 210402s9999 xx 000 0 und d | ||
| 020 | |c 15.48 | ||
| 082 | |a 345.7305 | ||
| 082 | |b N477 | ||
| 100 | |a Neubauer, David W. | ||
| 245 | 0 | |a America's courts and the criminal justice system | |
| 245 | 0 | |c David W. Neubauer | |
| 260 | |a Belmont, CA | ||
| 260 | |b Thomson Wadsworth | ||
| 260 | |c 2005 | ||
| 520 | |a Contents: Courts, crime and controversy; The legal system; Legal actors; Processing the accused; Sentencing the guilty... | ||
| 650 | |a Criminal courts,Tòa án hình sự | ||
| 650 | |z United States,Mỹ | ||
| 904 | |i Giang | ||
| 980 | |a Trung tâm Học liệu Trường Đại học Cần Thơ | ||